000 00853nam a2200229 a 4500
001 49560
003 BD-RjUL
005 20211209054708.0
008 160821s2012 bg ||||| |||| 00| f ben d
020 _a9840750054
_c: Tk. 125.00
035 _a(BD-RjUL)49679
040 _aBD-RjUL
_bben
_cBD-RjUL
041 _aben
082 _223
_a891.44308
_bUPA 2012
245 0 0 _aউপমহাদেশের দাঙ্গার গল্প /
_cঅনুবাদ জাফর আলম
260 _aঢাকা :
_bবাংলা একাডেমী,
_c২০১২
300 _a[৮], ১৪৩ পৃ. ;
_c২৩ সেমি.
650 _aবাংলা উপন্যাস
_xসংগ্রহ
_9124121
650 _aBengali Fiction
_xCollection
_9124122
700 _aআলম, জাফর, অনুবাদক
_9148645
942 _2ddc
_cBK
999 _c49560
_d49560